| 000 | 01305cam a22001814a 4500 | ||
|---|---|---|---|
| 005 | 20250605164358.0 | ||
| 008 | 250528s ||||||||||||||||||||||||d | ||
| 035 | _a24440 | ||
| 040 |
_aGR-AtMCL _bgre _dGR-AtMCL _eAACR2 |
||
| 245 | 1 | _aΈμφαση σε Premium Content και Ποιότητα και Διεθνείς Συνεργασίες | |
| 260 | _c2015 | ||
| 300 | _a42 | ||
| 520 | _aMarketing Research: Insights by MRB Hellas - Τάσεις και Ζητούμενα των Καταναλωτών στην Μετά την Κρίση Εποχή, ΕΥ - Ο.Π.Α.: Endeavor Greece - Οι Έλληνες Φοιτητές θετικοί απέναντι στην Επιχειρηματικότητα, Επί Τάπητος: ΕΝΕΔ και Μετρήσεις Mobile - Εν Αρχή ην η Αξιοπιστία, Marketing: 'Προορισμός' μας ο Τρόπος που ο Άνθρωπος Συνεργάζεται με την Τεχνολογία, Αλκοολούχα Ποτά: Η Υψηλή Φορολόγιση και ο Ανασταλτικός Παράγοντας Ανάκαμψης, Έμφαση στο Brand Building μέσα από Καινοτόμα Προϊόντα. | ||
| 700 | 1 |
_aΚορδελάς Δημήτρης _99464 |
|
| 942 | _cCR | ||
| 999 |
_c9321 _d9321 |
||